Analyse, traduction et comparaison des expressions figées métaphoriques diplomová práca

Gespeichert in:
Bibliographische Detailangaben
1. Verfasser: Šidala, Karol
Körperschaft: Fakulta aplikovaných jazykov EU v Bratislave. Katedra románskych a slovanských jazykov
Weitere Verfasser: Melušová, Elena, 1953-
Format: Buch
Sprache:Französisch
Veröffentlicht: Bratislava 2018
Tags: Tag hinzufügen
Keine Tags, Fügen Sie das erste Tag hinzu!

MARC

LEADER 00000nbm a2200000 4500
001 0247202
005 20181011145448.0
041 0 |a fre 
044 |a SK 
245 1 0 |a Analyse, traduction et comparaison des expressions figées métaphoriques  |b diplomová práca  |c Karol Šidala ; školiteľ: Elena Melušová 
264 1 |a Bratislava  |c 2018 
300 |a 69 s. 
100 1 |a Šidala, Karol 
700 1 |a Melušová, Elena, 1953- 
710 2 |a Fakulta aplikovaných jazykov EU v Bratislave. Katedra románskych a slovanských jazykov